MDQL
is popping MORE tags! Check the
thread
!
Quizzes
Events
Quiz Creation
Community
Videos
Private Events
Remove Ads
Sign In
Join for FREE
Feedback
Dark Mode
Quiz Categories
Sports
Geography
Music
Movies
Television
Just For Fun
Miscellaneous
History
Literature
Language
Science
Gaming
Entertainment
Religion
Holiday
For Kids
Quiz Lab
Recent
Popular Today
Quiz Kudos Today
Editor Picks
Curator Picks
Quizzes by...
Day
Popularity
Type
Ratings
Length
Year
Community
Subscriptions
Recent Discussions
Orange Saloon
Badges
Playlists
Quests
Create
Leaderboards
Showdown
Live 5
Trivia Bingo
Activity
Puzzle Library
Sporcle Events
Private Events
Virtual Trivia
Globe League
Become a Host
Pub Owners
SporcleCon
Opinionation
Our Games
Videos
Blog
Mobile Apps
Partnerships
Remove Ads and Go Orange
Feedback
Sports
Athletes
MLB
NBA
NHL
NFL
Soccer
Sports Teams
WWE
NCAA
Football
Premier League
Basketball
Baseball
Hockey
Golf
Tennis
Cricket
Rugby
Auto Racing
Olympics
World Cup
Sports
Athletes
MLB
NBA
NHL
NFL
Soccer
Sports Teams
WWE
NCAA
Football
Premier League
Basketball
Baseball
Hockey
Golf
Tennis
Cricket
Rugby
Auto Racing
Olympics
World Cup
Random Quiz
Search Sporcle
×
Quiz Lab
Quiz Lab
Sports
Conference
Type in answers that appear in a list
Type in answers that appear in a list
Classic
Best Score? Go Orange.
The SEC Stats
Can you name the Southeastern Conference facts?
By
sedriskell
12m
73 Questions
446 Plays
446 Plays
446 Plays
Comments
Comments
Give Quiz Kudos
Give Quiz Kudos
-
- Ratings
hide this ad
More Info
Forced Order
Answers have to be entered in order
Answers have to be entered in order
Replay
Link that replays current quiz
Next Quiz
Link to next quiz in quiz playlist
You Got
0%
They Got
Avg Score
52%
Avg Friend Score
Upgrade to see
Score Distribution
Jump to the score distribution portion of the page
Score
0/73
Timer
12:00
0
Plays Today
% Correct
Alabama
88.8%
Arkansas
86.5%
Twelve
85%
Florida
84.1%
Georgia
83.6%
Bulldogs
83.4%
Crimson Tide
83.4%
Gators
83.4%
Tigers
83.4%
Gamecocks
83%
Razorbacks
83%
Volunteers
83%
Kentucky
82.5%
Gainesville
82.5%
Wildcats
82.5%
Mississippi
81.8%
South Carolina
81.8%
Tennessee
81.8%
Baton Rouge
81.8%
Louisiana
81.6%
Rebels
81.4%
Athens
81.2%
Tuscaloosa
81.2%
Auburn
80.5%
Knoxville
78.3%
Nashville
78.3%
Commodores
77.1%
Columbia
74.4%
Lexington
74.4%
Oxford
74.2%
Georgia Tech
74%
Fayetteville
69.3%
Starkville
68.4%
Tulane
67.9%
Arkansas
61.9%
South Carolina
61.7%
Birmingham, Alabama
59.9%
% Correct
Bryant-Denny
59.9%
Michael Slive
54.9%
Alabama
53.1%
Mississippi
53.1%
Tennessee
52.2%
Jordan-Hare
49.6%
Neyland
48.4%
Tiger
43.9%
Sanford
39.9%
Ben Hill Griffin
39.7%
Rupp Arena
36.1%
Neyland Stadium (Tennessee)
31.6%
Commonwealth
31.2%
Rupp Arena (Kentucky)
27.6%
Vaught-Hemingway
27.4%
Sewanee
26.7%
Donald W. Reynolds Razorback
25.1%
War Memorial
24.7%
Vanderbilt
22.4%
Williams-Brice
21.7%
Alabama and Mississippi State
20.6%
Davis Wade
17%
Coleman Coliseum
15.7%
Memorial Gymnasium
14.3%
Pete Maravich Assembly Center
13.7%
Thompson-Boling Arena
12.6%
Bud Walton Arena
12.3%
Humphrey Coliseum
11.4%
Memorial Coliseum
10.1%
Tad Smith Coliseum
8.7%
Beard-Eaves-Memorial seum
8.5%
Stegeman Coliseum
6.5%
Foster Auditorium
4.7%
Stephen C. O'Connell Center
4.5%
Dudy Noble (Mississippi State)
4.3%
Colonial Life Arena
3.8%
Quiz Playlist
Details
Report
Send in Message
Add To Playlist
More Info:
GAME SECTIONS WITH A SINGLE COLUMN CONTAIN ANSWERS IN ALPHABETICAL ORDER!!
Classic:
Type in answers that appear in a list
Forced Order:
Answers have to be entered in order
Last Updated: Feb 16, 2017
Quiz Scoreboard
CHALLENGE
Sign Up to Join the Scoreboard
Show All
Scores
Hide
Comments
May contain spoilers
Recently Published
Image Sorting: Flags VI
by Barbecue
Geography
2m
Find the 'City' Movie
by crazypaving
Movies
60s
Colored Red Africa Blitz
by spor1
Geography
45s
More to Explore
Quiz From the Vault
Featured Blog Post
14 Easter Pick-up Lines to Find Eggs With
hide this ad
You Might Also Like...
Tags
Conference
SEC
Southeastern
Southeastern Conference
Today's Top Quizzes in Sports
Browse Sports
hide this ad
Today's Top Quizzes in Conference
Browse Conference
Top Contributed Quizzes in Sports
1
Les meilleurs buteurs des matchs entre le PSG et l’OM
2
Les entraîneurs de l'OM et du PSG au 21e siècle
3
Les joueurs passés par le PSG et l'OM
4
2022 World Cup Stars
5
Players with Multiple 50 Home Run Seasons
6
Criteria MLB: Left Handed Sluggers
7
MLB Players with Two .350 Batting Average Seasons
8
Les joueurs passés par le LOSC et le RC Lens
9
NBA Logic Puzzle 2.0
10
Top 10 NHL Goal Scorers of All Time
Explore More
Trending Topics
Kpop
Marvel
Anime
Harry Potter
Crossword
NBA
Disney
Song
Pokémon
Country
The Office
WWE
Soccer
Puzzle
NFL
hide this ad
More By:
sedriskell
Quiz
Plays
Rating
Category
Featured
Created
Counties of Alabama
3,639
5.00
Geography
Dec 24, 2009
US Cities with Native American Etymology
2,908
3.80
Geography
Dec 20, 2009
US States by Largest Metro (2012 Census Estimates)
2,688
4.23
Geography
Jan 1, 2010
100 Largest Alabama CIties (2010 Census)
1,139
5.00
Geography
Apr 4, 2011
World's Smartest Cities
725
1.92
Geography
Dec 28, 2009
Go to Creator's Profile
Score Distribution
Quiz Creator Spotlight
sedriskell
Follow
Send a Message
Quizzes Created
-
Created Quiz Play Count
-
More By This Creator
Popular Quizzes Today
1
Colored Red Africa Blitz
2
Find the US States - No Outlines Minefield
3
Find the 'City' Movie
4
5x2 Blitz: Bands
5
The Countries of the World
6
Find the US States
7
Find the Countries of Europe - No Outlines Minefield
8
US States
More Sports Quizzes
Chelsea: Kits By Maker
Quiz Lab
Trending Quizzes
Colored Red Europe Blitz I
Colored Red Europe Blitz II
Colored Red Africa Blitz II
Colored Red Europe Blitz III
Colored Red Africa Blitz III
Recently Updated
How Do You Spell That?
pecheneg
Godzilla Movies
pecheneg
Grab Bag: 4-10 Letters
pecheneg
2024 March Madness Bracket
pecheneg
Famous TV Couples
Peacemaker
Champions League XIs: Real Madrid
pecheneg
Largest US Cities 1790-2010
pecheneg
Rides in Walt Disney World
pecheneg
Most Oscar Losses (Acting)
pecheneg
Beyoncé Albums
pecheneg
Trending Topics
Marvel
NBA
Anime
Disney
Crossword
Kpop
Harry Potter
Soccer
Puzzle
WWE
Song
Pokémon
Country
NFL
The Office
Your Account Isn't Verified!
In order to create a playlist on Sporcle, you need to verify the email address you used during registration. Go to your
Sporcle Settings
to finish the process.
Report this User
Report this user for behavior that violates our
Community Guidelines
.
Details:
Send Report
Go to the Sporcle.com Mobile Site →
Comments